banner-ar

حماية واسترداد الاثار المصرية : (Record no. 65721)

MARC details
000 -الفاتح
حقل البيانات ثابتة الطول 01057nam a22002297a 4500
005 - وقت وتاريخ اخر تعامل مع التسجيلة
رقم الضبط 20240530110840.0
008 - عناصر البيانات ثابتة الطول - معلومات عامة
حقل البيانات ثابتة الطول 191223s ua f 000 0 ara d
017 ## - رقم الايداع القانونى
رقم الايداع القانونى 2009/24608
المصدر ( الهيئة المختصة) مصر. دار الكتب
020 ## - الرقم الدولى المعيارى للكتب
الرقم الدولى المعيارى للكتاب 9789770463268
040 ## - مصدر الفهرسة
وكالة الفهرسة الأصلية EG-CaGPL
وكالة النسخ EG-CaGPL
082 04 - رقم تصنيف ديوى العشرى
رقم الطبعة 21
رقم التصنيف 341.37
رقم المادة ق/ح ح
100 0# - المدخل الرئيسى - إسم شخصى
الإسم الشخصى حسن سعد سند ، معمر رتيب محمد عبدالحافظ
245 10 - بيان العنوان
العنوان حماية واسترداد الاثار المصرية :
بقية العنوان فى ضوء المعاهدات الدولية (خطوة للامام نحو استرداد الاثار المصرية)
بيان المسئوليه,etc حسن سعد سند ،معمر رتيب محمد عبدالحافظ
300 ## - الوصف المادى
التعداد 162 ص. :
تفاصيل ماديه اخرى للوعاء ايض. ؛
أبعاد الوعاء 24 سم.
650 07 - المدخل الاضافى بالموضوع-مصطلح موضوعى
مصدر الرأس أو المصطلح qrmak
مصطلح موضوعي الاثار المصرية
التقسيم الفرعي الجغرافي مصر
651 ## - المدخل الاضافى بالموضوع - اسم جغرافى
مصدر الرأس أو المصطلح qrmak
653 ## - مصطلح تكشيفى غير مقيد
مصطلح غير مقيد حماية الاثار المصرية
700 ## - المدخل الاضافى - اسم شخصى
الإسم الشخصى معمر رتيب محمد عبدالحافظ
الدور اعداد
942 ## - عناصر المدخل الإضافي( كوها)
مصدر التصنيف او مخطط الترفيف Dewey Decimal Classification
Koha [default] item type كتاب
260 ## - PUBLICATION, DISTRIBUTION, ETC. (IMPRINT)
-- القاهرة :
-- دار النهضة العربية،
Holdings
حالة التراجع حالة الفقد حالة تلف ليس للاعارة المكان المؤقت الموقع الحالى موقع الترفيف تاريخ الاكتساب اجمالي اﻻعارات رقم الطلب الباركود تاريخ اخر مشاهدة تاريخ تفعيل السعر نوع وعاء كوها
        مكتبة القاهرة الكبرى مكتبة القاهرة الكبرى   12/23/2019   341.37 ق/ح ح 166836 12/23/2019 12/23/2019 كتاب

Powered By

EGPV